[Event "szachmaty2007"]
[Site "SchemingMind.com"]
[Date "2007.09.16"]
[Round "-"]
[White "Dariusz1968"]
[Black "Oskyrain"]
[Result "0-1"]
[WhiteCountry "POL"]
[BlackCountry "ARG"]
[WhiteElo "1332"]
[WhiteRD "53"]
[BlackElo "2133"]
[BlackRD "84"]
[GameID "120260"]

1. d4 b5 2. e4 c6 3. b4 a5 4. Bd2 e5 5. bxa5 exd4 6. Nf3 d5 7. exd5 Qxd5 8. Qe2+ Be6 9. Ng5 Na6 10. Nxe6 fxe6
0-1

[Event "szachmaty2007"]
[Site "SchemingMind.com"]
[Date "2007.09.17"]
[Round "-"]
[White "mrique"]
[Black "Oskyrain"]
[Result "0-1"]
[WhiteCountry "USA"]
[BlackCountry "ARG"]
[WhiteElo "1492"]
[WhiteRD "72"]
[BlackElo "2133"]
[BlackRD "84"]
[GameID "120422"]

1. d4 b5 2. e4 c6 3. Nf3 e6 4. Be2 d5 5. Nbd2 dxe4 6. Nxe4 Nf6 7. Ng3 Bd6 8. Be3 O-O 9. O-O Qc7 10. Bg5 Nbd7
11. Re1 Bb7 12. Bd3 c5 13. dxc5 Qxc5 14. Rc1 Bxf3 15. Qxf3 Qxg5 16. Ne4 Nxe4 17. Qxe4 Nf6 18. Qd4 Bc5 19. Qc3 Ng4 20. Re2 Qxc1+
0-1

[Event "szachmaty2007"]
[Site "SchemingMind.com"]
[Date "2007.09.12"]
[Round "-"]
[White "mrique"]
[Black "Dariusz1968"]
[Result "1-0"]
[WhiteCountry "USA"]
[BlackCountry "POL"]
[WhiteElo "1492"]
[WhiteRD "72"]
[BlackElo "1332"]
[BlackRD "53"]
[GameID "120423"]

1. d4 b5 2. e4 a6 3. Nf3 Bb7 4. Bd3 g6 5. O-O h6 6. c3 Nf6 7. Re1 e6 8. Bc2 d6 9. Nbd2 g5 10. e5 dxe5
11. dxe5 Nd5 12. Ne4 Nd7 13. Ned2 Bg7 14. c4 Nf4 15. Rb1 g4 16. Ne4 gxf3 17. Qxf3
1-0

[Event "szachmaty2007"]
[Site "SchemingMind.com"]
[Date "2007.09.17"]
[Round "-"]
[White "Oskyrain"]
[Black "mrique"]
[Result "1-0"]
[WhiteCountry "ARG"]
[BlackCountry "USA"]
[WhiteElo "2154"]
[WhiteRD "87"]
[BlackElo "1560"]
[BlackRD "71"]
[GameID "120424"]

1. d4 b5 2. e4 c6 3. d5 a6 4. c4 Bb7 5. Nf3 Nf6 6. e5 Ne4 7. Qd4 cxd5 8. cxd5 e6 9. Qxe4 Bxd5 10. Qg4 Nc6
11. Bf4 g6 12. Nc3 Bxf3 13. Qxf3 Bg7 14. Ne4 O-O 15. Qg3 Qa5+ 16. Bd2 Qa4 17. Nf6+ Kh8 18. b3 Qd4 19. Bc3 Qa7 20. Be2 b4
21. Bb2 Nd4 22. Qh4 Bxf6 23. Qxf6+ Kg8 24. Bd3 Qc5 25. O-O a5 26. Rfd1 Rad8 27. Rac1 Qb6 28. Rc4 Nc6 29. Bc1 Qb5 30. Re1 d5
31. Bh6
1-0

[Event "szachmaty2007"]
[Site "SchemingMind.com"]
[Date "2007.09.12"]
[Round "-"]
[White "Dariusz1968"]
[Black "mrique"]
[Result "0-1"]
[WhiteCountry "POL"]
[BlackCountry "USA"]
[WhiteElo "1332"]
[WhiteRD "53"]
[BlackElo "1492"]
[BlackRD "72"]
[GameID "120425"]

1. d4 b5 2. e4 a6 3. Nf3 e6 4. Bd3 d5 5. e5 c6 6. Ng5 Be7 7. h4 f5 8. Be2 c5 9. f4 Nh6 10. Bh5+ g6
11. Bf3 Nc6 12. c3 Bd7 13. h5 Bxg5 14. fxg5 Nf7 15. hxg6 Nxg5 16. Bh5 Kf8 17. gxh7 Rxh7
0-1

[Event "szachmaty2007"]
[Site "SchemingMind.com"]
[Date "2007.09.17"]
[Round "-"]
[White "keen"]
[Black "Oskyrain"]
[Result "0-1"]
[WhiteCountry "SCO"]
[BlackCountry "ARG"]
[WhiteElo "1800"]
[WhiteRD "66"]
[BlackElo "2133"]
[BlackRD "84"]
[GameID "120543"]

1. d4 b5 2. e4 c6 3. Nf3 e6 4. g3 d6 5. Bg2 Nf6 6. Bg5 h6 7. Bxf6 Qxf6 8. O-O e5 9. Re1 Be7 10. Nbd2 Nd7
11. c3 Nb6 12. Qc2 Be6 13. b3 O-O 14. Rad1 a5 15. Nf1 a4 16. d5 cxd5 17. exd5 Nxd5 18. Nxe5 Nxc3 19. Qxc3 Rac8 20. Qd4 dxe5
21. Rxe5 axb3 22. axb3 Bc5 23. Qf4 Qxf4 24. gxf4 Bxb3 25. Rb1 Bc4 26. Nd2 Bd6 27. Re4 Bd3 28. Rd4 Bxb1 29. Rxd6 Rfd8 30. Rxd8+ Rxd8
31. Nxb1 Rd1+ 32. Bf1 Rxb1 33. Kg2 b4 34. Bd3 Rc1 35. Kf3 b3
0-1

[Event "szachmaty2007"]
[Site "SchemingMind.com"]
[Date "2007.09.14"]
[Round "-"]
[White "keen"]
[Black "mrique"]
[Result "1-0"]
[WhiteCountry "SCO"]
[BlackCountry "USA"]
[WhiteElo "1791"]
[WhiteRD "67"]
[BlackElo "1422"]
[BlackRD "81"]
[GameID "120544"]

1. d4 b5 2. e4 Bb7 3. Nc3 a6 4. Bd3 Nf6 5. Nf3 d5 6. e5 Ne4 7. O-O e6 8. Qe1 Bb4 9. a3 Be7 10. Nxe4 dxe4
11. Bxe4 c6 12. Bd2 O-O 13. Rd1 Nd7 14. Ba5 Qb8 15. c4 Re8 16. Qc3 Bf8 17. Bxh7+ Kh8 18. Ng5 g6 19. Qh3 Kg7 20. Bxg6 Kxg6
21. Qh7+ Kxg5 22. Bd2+
1-0

[Event "szachmaty2007"]
[Site "SchemingMind.com"]
[Date "2007.09.13"]
[Round "-"]
[White "keen"]
[Black "Dariusz1968"]
[Result "1-0"]
[WhiteCountry "SCO"]
[BlackCountry "POL"]
[WhiteElo "1800"]
[WhiteRD "66"]
[BlackElo "1332"]
[BlackRD "53"]
[GameID "120545"]

1. d4 b5 2. e4 Bb7 3. Nc3 b4 4. Nd5 Bxd5 5. exd5 a5 6. Nf3 Nf6 7. Bc4 d6 8. O-O h6 9. Re1 g5 10. a3 bxa3
11. Rxa3 Bg7 12. Rae3 O-O 13. Rxe7 Re8 14. Rxe8+ Nxe8 15. Bb5 Nd7 16. Qd3 Rb8 17. c4 Nef6 18. Qf5 Rxb5 19. cxb5 Qb8 20. h4 Qxb5
21. hxg5 Qxd5 22. Qc2 hxg5 23. Qxc7 g4 24. Nh4 g3 25. Be3 gxf2+ 26. Bxf2 Nf8 27. Nf3 Ne4 28. Rxe4 Qxe4 29. Qxf7+
1-0

[Event "szachmaty2007"]
[Site "SchemingMind.com"]
[Date "2007.09.18"]
[Round "-"]
[White "Oskyrain"]
[Black "keen"]
[Result "1-0"]
[WhiteCountry "ARG"]
[BlackCountry "SCO"]
[WhiteElo "2147"]
[WhiteRD "84"]
[BlackElo "1791"]
[BlackRD "67"]
[GameID "120546"]

1. d4 b5 2. e4 Bb7 3. Bxb5 Bxe4 4. Nc3 Bxg2 5. f3 Bxh1 6. Nh3 c6 7. Bf1 e6 8. Kf2 Nf6 9. Kg1 Bxf3 10. Qxf3 Be7
11. Ne4 O-O 12. Nxf6+ Bxf6 13. c3 e5 14. dxe5 Bxe5 15. Bd3 d5 16. Bxh7+ Kxh7 17. Qh5+ Kg8 18. Ng5 Bxh2+ 19. Kg2 Re8 20. Qxf7+ Kh8
21. Qh5+ Kg8 22. Qh7+ Kf8 23. Qh8+
1-0

[Event "szachmaty2007"]
[Site "SchemingMind.com"]
[Date "2007.09.14"]
[Round "-"]
[White "mrique"]
[Black "keen"]
[Result "0-1"]
[WhiteCountry "USA"]
[BlackCountry "SCO"]
[WhiteElo "1560"]
[WhiteRD "71"]
[BlackElo "1783"]
[BlackRD "64"]
[GameID "120547"]

1. d4 b5 2. e4 Bb7 3. d5 a6 4. Nf3 Nf6 5. Bd3 e6 6. dxe6 dxe6 7. O-O Nxe4 8. Re1 Nf6 9. Nc3 Bb4 10. Rf1 O-O
11. Ne5 Nbd7 12. Ng4 Bd6 13. Bd2 Nxg4 14. Qxg4 Ne5 15. Qh3 Nxd3 16. cxd3 Qd7 17. Qg4 Be5 18. Qh3 Rad8 19. Be3 Qxd3 20. Nd1 Be4
21. Rc1 b4 22. Qh5 Bd6 23. b3 Qd5 24. Qg4 Qe5 25. g3 Bf5 26. Qh4 Qd5 27. f3 Rfe8 28. Bg5 f6 29. Be3 a5 30. Kg2 Qb5
31. Nb2 Qe2+ 32. Rf2 Qxe3 33. Rcf1 Bc5 34. g4 Qf4 35. Re2 Rd2 36. Re1 Qd4 37. Nc4 Rxe2+ 38. Rxe2 Qg1+ 39. Kh3 Qf1+ 40. Rg2 Qxf3+
41. Qg3 Bxg4+ 42. Kh4 g5#
0-1

[Event "szachmaty2007"]
[Site "SchemingMind.com"]
[Date "2007.09.14"]
[Round "-"]
[White "Dariusz1968"]
[Black "keen"]
[Result "0-1"]
[WhiteCountry "POL"]
[BlackCountry "SCO"]
[WhiteElo "1332"]
[WhiteRD "53"]
[BlackElo "1800"]
[BlackRD "66"]
[GameID "120548"]

1. d4 b5 2. e4 Bb7 3. Bd3 Nf6 4. f3 a6 5. Bg5 e6 6. e5 h6 7. Bh4 g5 8. Bg3 Nh5 9. Ne2 d6 10. Nbc3 Nxg3
11. Nxg3 h5 12. Qe2 Bg7 13. a3 Nc6 14. Qe3 dxe5 15. dxe5 Nxe5 16. Rd1 Qe7 17. Nge4 Nxd3+ 18. Rxd3 f6 19. O-O O-O 20. f4 g4
21. Ng3 Qf7 22. f5 e5 23. Rfd1 Bc6 24. Nd5 Rfd8 25. Nxh5 Bxd5 26. Nxg7 Kxg7 27. Qg3 c6 28. Qxg4+ Kf8
0-1

[Event "szachmaty2007"]
[Site "SchemingMind.com"]
[Date "2007.09.17"]
[Round "-"]
[White "jdcald13"]
[Black "Oskyrain"]
[Result "0-1"]
[WhiteCountry "USA"]
[BlackCountry "ARG"]
[WhiteElo "1914"]
[WhiteRD "55"]
[BlackElo "2147"]
[BlackRD "84"]
[GameID "120617"]

1. d4 b5 2. e4 a6 3. c4 c6 4. c5 d6 5. cxd6 exd6 6. Nf3 Bg4 7. h3 Bh5 8. a4 b4 9. Be2 Nf6 10. Nbd2 Bg6
11. e5 dxe5 12. dxe5 Nd5 13. O-O Be7 14. Nc4 O-O 15. Ne3 Nf4 16. Bc4 Be4 17. Nd2 Bd3 18. Bxd3 Nxd3 19. Ndc4 Qd4 20. Qg4 Qxg4
21. hxg4 Nd7 22. f4 g6 23. Nd6 f6 24. e6 Bxd6 25. exd7 Bxf4 26. Bd2 Rad8 27. Nc4 Bxd2 28. Nxd2 Rxd7 29. Ne4 f5 30. gxf5 gxf5
31. Ng3 c5 32. Nxf5 Nxb2 33. Nh6+ Kg7 34. Nf5+ Kh8 35. Ra2 Rd2
0-1

[Event "szachmaty2007"]
[Site "SchemingMind.com"]
[Date "2007.09.14"]
[Round "-"]
[White "jdcald13"]
[Black "mrique"]
[Result "1-0"]
[WhiteCountry "USA"]
[BlackCountry "USA"]
[WhiteElo "1914"]
[WhiteRD "55"]
[BlackElo "1422"]
[BlackRD "81"]
[GameID "120618"]

1. d4 b5 2. e4 Bb7 3. d5 c6 4. c4 bxc4 5. Bxc4 e6 6. dxe6 fxe6 7. e5 g6 8. Nf3 Bg7 9. O-O Ne7 10. Nc3 O-O
11. Ne4 d5 12. exd6 Nd5 13. Bg5 Qe8 14. Nc5 Bc8 15. Re1 Kh8 16. Nd4 Qf7 17. Ndxe6 Qxf2+ 18. Kh1 Bxe6 19. Nxe6 Rf5 20. Rf1 Qxb2
21. Rxf5 gxf5 22. Rb1 Qe5 23. Bxd5 Qxd6 24. Nxg7 Kxg7 25. Qd4+ Kg6 26. Bf7+
1-0

[Event "szachmaty2007"]
[Site "SchemingMind.com"]
[Date "2007.09.14"]
[Round "-"]
[White "jdcald13"]
[Black "keen"]
[Result "0-1"]
[WhiteCountry "USA"]
[BlackCountry "SCO"]
[WhiteElo "1914"]
[WhiteRD "55"]
[BlackElo "1791"]
[BlackRD "67"]
[GameID "120619"]

1. d4 b5 2. e4 Bb7 3. e5 e6 4. f4 a6 5. Nf3 d6 6. Be2 Be7 7. O-O Nd7 8. b3 dxe5 9. dxe5 Nh6 10. a4 b4
11. c3 O-O 12. cxb4 Bxb4 13. Ba3 Bxa3 14. Nxa3 Nf5 15. Qc1 Bxf3 16. Bxf3 Rb8 17. Qc3 Nb6 18. Rad1 Qe7 19. b4 Nxa4 20. Qc1 Qxb4
21. Rd7 Nb2 22. Qxc7 Qxa3 23. Rxf7 Rxf7 24. Qxb8+ Rf8 25. Qb6 Qa2 26. Rf2 Na4 27. Rxa2 Nxb6 28. Rxa6 Rb8 29. g4 Nd4 30. Bd1 Nd5
31. f5 Rb1 32. fxe6 Rxd1+ 33. Kf2 Rd2+ 34. Kg3 Rd3+ 35. Kf2 Rf3+ 36. Ke1 Ne7 37. Kd2 Ndc6 38. Ke2 Nxe5 39. Ra7 N7c6 40. Rc7 Rf6
41. e7 Kf7 42. e8=Q+ Kxe8 43. Rxg7 Rf7 44. Rg8+ Ke7 45. g5 Ng6 46. Ra8 Ke6 47. Ra6 Ne5 48. h4 Kf5 49. Ke3 Kg4 50. Ra4+ Kh5
51. Rf4 Rxf4 52. Kxf4 Kxh4 53. Kf5 Kh5 54. Kf6 Nf7
0-1

[Event "szachmaty2007"]
[Site "SchemingMind.com"]
[Date "2007.09.14"]
[Round "-"]
[White "jdcald13"]
[Black "Dariusz1968"]
[Result "1-0"]
[WhiteCountry "USA"]
[BlackCountry "POL"]
[WhiteElo "1892"]
[WhiteRD "78"]
[BlackElo "1448"]
[BlackRD "53"]
[GameID "120620"]

1. d4 b5 2. e4 Bb7 3. f3 a6 4. c4 e6 5. cxb5 axb5 6. Bxb5 Ba6 7. Bxa6 Nxa6 8. Ne2 Nb4 9. Nbc3 Qc8 10. O-O Qa6
11. a3 Bd6 12. Be3 Ne7 13. axb4 Qb7 14. Rxa8+ Qxa8 15. Nb5 O-O 16. Nxd6 cxd6 17. Nc3 Nc6 18. b5 Nb4 19. d5 exd5 20. Nxd5 Qa5
21. Nxb4 Qxb4 22. b6 Rb8 23. Qc2 h6 24. Qc7 Qb3 25. Qxb8+ Kh7 26. Bf2 g5 27. Bd4 Kg6 28. Qxd6+ Kh5 29. g4+
1-0

[Event "szachmaty2007"]
[Site "SchemingMind.com"]
[Date "2007.09.17"]
[Round "-"]
[White "Oskyrain"]
[Black "jdcald13"]
[Result "1-0"]
[WhiteCountry "ARG"]
[BlackCountry "USA"]
[WhiteElo "2147"]
[WhiteRD "84"]
[BlackElo "1914"]
[BlackRD "55"]
[GameID "120621"]

1. d4 b5 2. e4 Bb7 3. Bxb5 Bxe4 4. Nf3 a6 5. Bd3 Bb7 6. O-O Nf6 7. Re1 e6 8. c4 Be7 9. Nc3 O-O 10. d5 exd5
11. Nxd5 Nxd5 12. cxd5 h6 13. Qb3 Bc8 14. Qc4 c6 15. Qe4 f5 16. Qxe7 Qxe7 17. Rxe7 cxd5 18. Re5
1-0

[Event "szachmaty2007"]
[Site "SchemingMind.com"]
[Date "2007.09.14"]
[Round "-"]
[White "mrique"]
[Black "jdcald13"]
[Result "0-1"]
[WhiteCountry "USA"]
[BlackCountry "USA"]
[WhiteElo "1422"]
[WhiteRD "81"]
[BlackElo "1914"]
[BlackRD "55"]
[GameID "120622"]

1. d4 b5 2. e4 Bb7 3. d5 Nf6 4. f3 c6 5. c4 bxc4 6. Nc3 cxd5 7. Nxd5 Nxd5 8. exd5 Qa5+ 9. Bd2 Qxd5 10. Qc2 Qe5+
11. Be2 d5 12. O-O-O e6 13. Re1 Qd6 14. f4 Be7 15. Nf3 O-O 16. Rhg1 Nc6 17. Rd1 Nb4 18. Qa4 Bc6 19. Qa3 Nd3+ 20. Bxd3 Qxa3
21. bxa3 Bxa3+ 22. Kc2 Ba4+ 23. Kc3 Bxd1 24. Rxd1 cxd3 25. Kxd3 Rab8
0-1

[Event "szachmaty2007"]
[Site "SchemingMind.com"]
[Date "2007.09.14"]
[Round "-"]
[White "keen"]
[Black "jdcald13"]
[Result "0-1"]
[WhiteCountry "SCO"]
[BlackCountry "USA"]
[WhiteElo "1766"]
[WhiteRD "66"]
[BlackElo "1892"]
[BlackRD "78"]
[GameID "120623"]

1. d4 b5 2. e4 Bb7 3. Nc3 b4 4. Nd5 e6 5. Ne3 Bxe4 6. Qg4 Nf6 7. Qe2 Nc6 8. Nf3 Bxf3 9. Qxf3 Nxd4 10. Qe4 Nxe4
0-1

[Event "szachmaty2007"]
[Site "SchemingMind.com"]
[Date "2007.09.14"]
[Round "-"]
[White "Dariusz1968"]
[Black "jdcald13"]
[Result "0-1"]
[WhiteCountry "POL"]
[BlackCountry "USA"]
[WhiteElo "1448"]
[WhiteRD "53"]
[BlackElo "1892"]
[BlackRD "78"]
[GameID "120624"]

1. d4 b5 2. e4 Bb7 3. Qf3 Nf6 4. Bd3 e6 5. Bg5 Be7 6. Bxf6 Bxf6 7. Ne2 b4 8. Bb5 a6 9. Ba4 O-O 10. a3 c5
11. e5 Bxf3 12. gxf3 Be7 13. Nd2 bxa3 14. bxa3 cxd4 15. Nxd4 Qa5 16. Bb3 Qxe5+ 17. Ne4 Qxd4 18. O-O d5 19. Rfd1 Qe5 20. Ng3 Nc6
21. Re1 Qf4 22. c4 Nd4 23. Bd1 Bd6 24. cxd5 exd5 25. Kg2 Rfe8 26. Rf1 Rab8 27. Ra2 h5 28. Rh1 h4 29. Nh5 Qg5+ 30. Kf1 Nxf3
31. Bxf3 Rb1+
0-1

[Event "szachmaty2007"]
[Site "SchemingMind.com"]
[Date "2007.09.21"]
[Round "-"]
[White "asanopiyo"]
[Black "Oskyrain"]
[Result "0-1"]
[WhiteCountry "JPN"]
[BlackCountry "ARG"]
[WhiteElo "1696"]
[WhiteRD "96"]
[BlackElo "2147"]
[BlackRD "84"]
[GameID "121517"]

1. d4 b5 2. e4 e6 3. Bxb5 Bb7 4. Nf3 Bxe4 5. Nc3 Bb4 6. O-O Bxc3 7. bxc3 Nf6 8. Bg5 h6 9. Bh4 a6 10. Bc4 d5
11. Bb3 O-O 12. Re1 Bxf3 13. Qxf3 Nbd7 14. Re3 c5 15. g4 Qa5 16. dxc5 Qxc5 17. Kh1 Ne4 18. Qf4 g5 19. Bxg5 hxg5 20. Qf3 Ne5
21. Qg2 Nxg4 22. Rg3 Ngxf2+ 23. Kg1 Ng4+ 24. Kf1 Ne3+ 25. Rxe3 Qxe3
0-1

[Event "szachmaty2007"]
[Site "SchemingMind.com"]
[Date "2007.09.21"]
[Round "-"]
[White "asanopiyo"]
[Black "mrique"]
[Result "1-0"]
[WhiteCountry "JPN"]
[BlackCountry "USA"]
[WhiteElo "1710"]
[WhiteRD "90"]
[BlackElo "1492"]
[BlackRD "72"]
[GameID "121518"]

1. d4 b5 2. e4 a6 3. c4 Bb7 4. d5 c6 5. Nf3 d6 6. b4 Nf6 7. Nc3 e5 8. dxe6 fxe6 9. e5 Nfd7 10. exd6 Nf6
11. c5 g6 12. Bg5 Bg7 13. Ne4 O-O 14. Qb3 Qd7 15. Ne5 Qe8 16. Nxf6+ Bxf6 17. Bxf6 Rxf6 18. Be2 Kh8 19. O-O Nd7 20. f4 Rd8
21. Rae1 Qg8 22. Ng4 Rff8 23. Bd3 Rde8 24. Be4 Qg7 25. a4 Qd4+ 26. Kh1 Nf6 27. Nxf6 Rxf6 28. axb5 axb5 29. Rf3 Bc8 30. Bxc6 Rd8
31. Rd1 Qc4 32. Qxc4 bxc4 33. Bb5 Rf7 34. Bxc4 Rf6 35. b5
1-0

[Event "szachmaty2007"]
[Site "SchemingMind.com"]
[Date "2007.09.20"]
[Round "-"]
[White "asanopiyo"]
[Black "jdcald13"]
[Result "0-1"]
[WhiteCountry "JPN"]
[BlackCountry "USA"]
[WhiteElo "1696"]
[WhiteRD "96"]
[BlackElo "1914"]
[BlackRD "55"]
[GameID "121519"]

1. d4 b5 2. Nc3 b4 3. Ne4 Bb7 4. f3 e6 5. Ng3 f5 6. e4 fxe4 7. fxe4 Nf6 8. e5 Nd5 9. Bd3 g6 10. Nf3 Bg7
11. Bg5 Ne7 12. O-O O-O 13. Nh4 Rxf1+ 14. Qxf1 Nbc6 15. Ne4 h6 16. Nf6+ Kh8 17. Be3 g5 18. Ng6+ Nxg6 19. Bxg6 Ne7 20. Qd3 Bxf6
21. exf6 Nd5 22. f7 Nxe3 23. Qxe3 Kg7 24. Bh5 g4 25. Rf1 Qg5 26. Qxg5+ hxg5 27. Bxg4 Rf8 28. Bh5 Kh6 29. g4 Be4 30. c3 bxc3
31. bxc3 Kg7 32. Kf2 Bg6 33. Bxg6 Kxg6 34. Ke3 Rxf7 35. Rb1 d6 36. Rb7 c6 37. Rb1 Rc7 38. c4 c5 39. Rh1 cxd4+ 40. Kxd4 Rc5
41. h4 gxh4 42. Rxh4 e5+ 43. Kd3 Kg5 44. Rh7 Ra5 45. Rd7 Kxg4 46. Rxd6 Kf5 47. Rd5 Rxa2 48. c5 Kf4 49. c6 e4+ 50. Kd4 Rd2+
51. Kc4 Rc2+ 52. Kb5 e3 53. Rc5 Rxc5+ 54. Kxc5 e2
0-1

[Event "szachmaty2007"]
[Site "SchemingMind.com"]
[Date "2007.09.20"]
[Round "-"]
[White "asanopiyo"]
[Black "keen"]
[Result "0-1"]
[WhiteCountry "JPN"]
[BlackCountry "SCO"]
[WhiteElo "1696"]
[WhiteRD "96"]
[BlackElo "1791"]
[BlackRD "67"]
[GameID "121520"]

1. d4 b5 2. Nf3 Bb7 3. e4 a6 4. Bd3 Nf6 5. Nbd2 d6 6. O-O e6 7. Re1 Be7 8. c4 c6 9. Qc2 h6 10. e5 Nfd7
11. exd6 Bxd6 12. c5 Bc7 13. Ne5 Nf6 14. f4 Qxd4+ 15. Kh1 Qxf4 16. Ndc4 Qd4 17. Be3 Qd8 18. Nxf7 Kxf7 19. Bg6+ Ke7 20. Rad1 Nbd7
21. Nd2 Qb8 22. Nf3 Ne5 23. Nh4 Rd8 24. Rc1 Neg4 25. h3 Nxe3 26. Rxe3 Bf4 27. Nf5+ Kf8 28. Rxe6 Bxc1 29. Qxc1 Nd5 30. Nxh6 Qf4
0-1

[Event "szachmaty2007"]
[Site "SchemingMind.com"]
[Date "2007.09.20"]
[Round "-"]
[White "asanopiyo"]
[Black "Dariusz1968"]
[Result "1-0"]
[WhiteCountry "JPN"]
[BlackCountry "POL"]
[WhiteElo "1710"]
[WhiteRD "90"]
[BlackElo "1332"]
[BlackRD "53"]
[GameID "121521"]

1. d4 b5 2. e3 c6 3. Nf3 d5 4. b3 Bg4 5. c4 e6 6. cxb5 Bxf3 7. Qxf3 cxb5 8. Bxb5+ Nd7 9. Bd2 Nf6 10. O-O Bd6
11. Nc3 Qc7 12. Rac1 O-O 13. Nxd5 Bxh2+ 14. Kh1 Qd6 15. Nxf6+ Nxf6 16. g3 Bxg3 17. fxg3 g6 18. Qxf6 Qxg3 19. Bc6 Rac8 20. Bg2 g5
21. e4 Rxc1 22. Bxc1 Qh4+ 23. Kg1
1-0

[Event "szachmaty2007"]
[Site "SchemingMind.com"]
[Date "2007.09.21"]
[Round "-"]
[White "Oskyrain"]
[Black "asanopiyo"]
[Result "1-0"]
[WhiteCountry "ARG"]
[BlackCountry "JPN"]
[WhiteElo "2147"]
[WhiteRD "84"]
[BlackElo "1696"]
[BlackRD "96"]
[GameID "121522"]

1. d4 b5 2. Nf3 Nf6 3. Bg5 e6 4. e4 Be7 5. Bxb5 Nxe4 6. Bxe7 Qxe7 7. O-O Bb7 8. Bd3 h5 9. Bxe4 Bxe4 10. Nc3 Bb7
11. d5 g5 12. Qd4 Rg8 13. Ne4 Kd8 14. c4 Na6 15. Rad1 g4 16. Ne5 d6 17. dxe6 fxe6 18. c5 d5 19. Nf6 Rf8 20. c6 Bc8
21. Nxd5 exd5 22. Qxd5+ Ke8 23. Nd7 Nb4 24. Qxh5+ Rf7 25. Rfe1 Bxd7 26. Qh8+ Rf8 27. cxd7+ Kd8 28. Qh5 c5 29. Rxe7
1-0

[Event "szachmaty2007"]
[Site "SchemingMind.com"]
[Date "2007.09.22"]
[Round "-"]
[White "mrique"]
[Black "asanopiyo"]
[Result "1-0"]
[WhiteCountry "USA"]
[BlackCountry "JPN"]
[WhiteElo "1492"]
[WhiteRD "72"]
[BlackElo "1710"]
[BlackRD "90"]
[GameID "121523"]

1. d4 b5 2. e4 Bb7 3. e5 e6 4. Nf3 a6 5. c4 bxc4 6. Bxc4 Ne7 7. O-O h6 8. Nc3 Nf5 9. d5 Bb4 10. Ne4 O-O
11. Qb3 exd5 12. Bxd5 Bxd5 13. Qxd5 c6 14. Qb3 Qe7 15. Bf4 g5 16. Nexg5 hxg5 17. Bxg5 Nd4 18. Nxd4 Qc5 19. Nf3 Ba5 20. Qb7 Qa7
21. Qb3 Bc7 22. Bf6 d5 23. Qd3
1-0

[Event "szachmaty2007"]
[Site "SchemingMind.com"]
[Date "2007.09.21"]
[Round "-"]
[White "jdcald13"]
[Black "asanopiyo"]
[Result "1-0"]
[WhiteCountry "USA"]
[BlackCountry "JPN"]
[WhiteElo "1892"]
[WhiteRD "78"]
[BlackElo "1739"]
[BlackRD "111"]
[GameID "121524"]

1. d4 b5 2. e4 a6 3. Nf3 d5 4. e5 Bg4 5. a4 bxa4 6. Rxa4 e6 7. Be2 c5 8. c3 c4 9. O-O f5 10. exf6 Nxf6
11. Ng5 Bxe2 12. Qxe2 Qd7 13. Qxe6+ Qxe6 14. Nxe6 Nc6 15. Nc7+
1-0

[Event "szachmaty2007"]
[Site "SchemingMind.com"]
[Date "2007.09.21"]
[Round "-"]
[White "keen"]
[Black "asanopiyo"]
[Result "1-0"]
[WhiteCountry "SCO"]
[BlackCountry "JPN"]
[WhiteElo "1791"]
[WhiteRD "67"]
[BlackElo "1696"]
[BlackRD "96"]
[GameID "121525"]

1. d4 b5 2. e4 Bb7 3. Nc3 b4 4. Nd5 e6 5. Nf4 Bxe4 6. Qe2 Bb7 7. d5 Nf6 8. dxe6 fxe6 9. Nf3 Bc5 10. Be3 Qe7
11. O-O-O Bd6 12. Nd4 O-O 13. Nb5 Be5 14. Nd3 Bd6 15. Nxd6 cxd6 16. Nxb4 Nc6 17. Nxc6 dxc6 18. f3 a5 19. Qd2 d5 20. Qc3 Nd7
21. Bd3 c5 22. Qd2 e5 23. Rhe1 Bc6 24. Kb1 Rfb8 25. Qc3 Qd6 26. Bc4 Kh8 27. Bf2 a4 28. a3 d4 29. Qd3 Rb6 30. Ka1 Rab8
31. Rb1 Bd5 32. Bg3 R8b7 33. Bxe5 Nxe5 34. Bxd5 Re7 35. Qf5 Qxd5 36. Qf8+ Qg8 37. Qxe7 Re6 38. Qxc5
1-0

[Event "szachmaty2007"]
[Site "SchemingMind.com"]
[Date "2007.09.21"]
[Round "-"]
[White "Dariusz1968"]
[Black "asanopiyo"]
[Result "0-1"]
[WhiteCountry "POL"]
[BlackCountry "JPN"]
[WhiteElo "1332"]
[WhiteRD "53"]
[BlackElo "1710"]
[BlackRD "90"]
[GameID "121526"]

1. d4 b5 2. e4 a6 3. Qf3 Bb7 4. c4 Nf6 5. e5 Bxf3 6. gxf3 Nh5 7. cxb5 axb5 8. Bxb5 e6 9. a3 f6 10. f4 g5
11. fxg5 fxg5 12. Nc3 c6 13. Bc4 d5 14. Be2 Nf4 15. Bxf4 gxf4 16. Nh3 Bh6 17. Bh5+ Kd7 18. Bf3 Qb6 19. O-O Qxb2 20. Ne2 Rg8+
21. Kh1 Rxa3 22. Rxa3 Qxa3 23. Nhg1 Na6
0-1

[Event "szachmaty2007"]
[Site "SchemingMind.com"]
[Date "2007.09.21"]
[Round "-"]
[White "nwhitelaw"]
[Black "Oskyrain"]
[Result "0-1"]
[WhiteCountry "GBR"]
[BlackCountry "ARG"]
[WhiteElo "1463"]
[WhiteRD "79"]
[BlackElo "2147"]
[BlackRD "84"]
[GameID "121634"]

1. d4 b5 2. e4 c6 3. Qf3 d6 4. c4 a6 5. cxb5 axb5 6. e5 Be6 7. Bxb5 Qa5+ 8. Nc3 cxb5 9. Bd2 b4 10. Nb5 Qxb5
11. Qxa8 Bd5 12. Qa7 Bxg2 13. a4 Qf1#
0-1

[Event "szachmaty2007"]
[Site "SchemingMind.com"]
[Date "2007.09.21"]
[Round "-"]
[White "nwhitelaw"]
[Black "mrique"]
[Result "0-1"]
[WhiteCountry "GBR"]
[BlackCountry "USA"]
[WhiteElo "1466"]
[WhiteRD "74"]
[BlackElo "1492"]
[BlackRD "72"]
[GameID "121635"]

1. d4 b5 2. e4 a6 3. Qf3 Bb7 4. c4 c6 5. a4 d5 6. axb5 a5 7. bxc6 dxe4 8. Qxe4 Nxc6 9. Be3 Nf6 10. Qf3 e6
11. Nc3 Bb4 12. Nh3 O-O 13. Bd3 Rb8 14. Nf4 Nxd4 15. Qg3 Ne4 16. Bxe4 Bxe4 17. O-O Bf5 18. Nh5 Bg6 19. Bg5 Qd7 20. Nxg7 Bxc3
21. Rad1 Bxb2 22. Bh6 Qa7 23. Nh5 Ne2+ 24. Kh1 Nxg3+ 25. fxg3 Rfd8 26. Nf6+ Bxf6
0-1

[Event "szachmaty2007"]
[Site "SchemingMind.com"]
[Date "2007.09.22"]
[Round "-"]
[White "nwhitelaw"]
[Black "jdcald13"]
[Result "0-1"]
[WhiteCountry "GBR"]
[BlackCountry "USA"]
[WhiteElo "1463"]
[WhiteRD "79"]
[BlackElo "1914"]
[BlackRD "55"]
[GameID "121636"]

1. d4 b5 2. e4 Bb7 3. Qf3 Nf6 4. Bd3 e6 5. Qf4 a6 6. Nh3 Be7 7. O-O O-O 8. Nd2 c5 9. e5 Nd5 10. Qe4 g6
11. c4 bxc4 12. Nxc4 Nc6 13. Nd6 Bxd6 14. exd6 Nxd4 15. b4 Nxb4 16. Qxb7 Nxd3 17. Bh6 Re8 18. Qe4 Nf5 19. Bg5 f6 20. Bd2 Ne5
21. g4 Nxd6 22. Qb4 cxb4 23. Bxb4 Ndc4 24. f4 Qb6+
0-1

[Event "szachmaty2007"]
[Site "SchemingMind.com"]
[Date "2007.09.21"]
[Round "-"]
[White "nwhitelaw"]
[Black "asanopiyo"]
[Result "0-1"]
[WhiteCountry "GBR"]
[BlackCountry "JPN"]
[WhiteElo "1435"]
[WhiteRD "83"]
[BlackElo "1739"]
[BlackRD "111"]
[GameID "121637"]

1. d4 b5 2. e4 Bb7 3. Qf3 Nf6 4. Bd3 e6 5. Nc3 b4 6. Na4 h6 7. Nc5 Bxc5 8. dxc5 Nc6 9. e5 Nd5 10. Nh3 Nxe5
11. O-O Nxf3+ 12. gxf3 f5 13. c4 bxc3 14. bxc3 Nxc3 15. Bb2 Bxf3 16. Bxc3 Qh4 17. Bxf5 exf5 18. Rfe1+ Kd8 19. Re3 Qxh3 20. Rxf3 Qxf3
21. Rc1 Re8 22. Bxg7 Rg8
0-1